[Event "EU-Cup 39th"]
[Site "Vrnjacka Banja"]
[Date "2024.10.25"]
[Round "6.3"]
[White "Nestorovic, Filip"]
[Black "Davis, Lee"]
[Result "1-0"]
[WhiteElo "2037"]
[BlackElo "1955"]
[PlyCount "93"]
[EventDate "2024.10.20"]
[EventType "team-swiss"]
[EventRounds "7"]
[EventCountry "SRB"]
[SourceTitle "CB44_2024"]
[Source "Chessbase"]
[SourceDate "2024.10.30"]
[SourceVersion "1"]
[SourceVersionDate "2024.10.30"]
[SourceQuality "1"]
[WhiteTeam "Sremska Mitrovica Sirmium"]
[BlackTeam "White Knights"]
[WhiteTeamCountry "SRB"]
[BlackTeamCountry "ENG"]

1. d4 Nf6 2. c4 g6 3. Nc3 Bg7 4. e4 d6 5. Nf3 0-0 6. Be2 e5 7. Be3 Nc6 8. d5 Ne7 9. Nd2 Nd7 10. b4 f5 11. f3 a5 12. a3 b6 13. 0-0 f4 14. Bf2 g5 15. c5 axb4 16. axb4 Rxa1 17. Qxa1 bxc5 18. bxc5 Nf6 19. cxd6 cxd6 20. Nc4 Ng6 21. Nb5 Ne8 22. Qa5 Qxa5 23. Nxa5 Ba6 24. Rc1 g4 25. Rc6 Bxb5 26. Bxb5 gxf3 27. gxf3 Ne7 28. Rb6 Bf6 29. Bxe8 Rxe8 30. Rxd6 Kf7 31. Nc6 Nxc6 32. Rxc6 Ra8 33. Rc7+ Kg6 34. Rc2 Ra1+ 35. Kg2 Rd1 36. Bb6 Bh4 37. Bc7 Bf6 38. Rc6 Kf7 39. Re6 Rd2+ 40. Kh3 Rf2 41. Bxe5 Bg5 42. Kg4 h6 43. Bxf4 Bxf4 44. Kxf4 Rxh2 45. e5 Rd2 46. Rf6+ Kg7 47. d6 1-0

[Event "EU-Cup 39th"]
[Site "Vrnjacka Banja"]
[Date "2024.10.22"]
[Round "3.4"]
[White "Nestorovic, Filip"]
[Black "Burke, Kevin"]
[Result "1-0"]
[WhiteElo "2037"]
[BlackElo "1871"]
[PlyCount "45"]
[EventDate "2024.10.20"]
[EventType "team-swiss"]
[EventRounds "7"]
[EventCountry "SRB"]
[SourceTitle "CB44_2024"]
[Source "Chessbase"]
[SourceDate "2024.10.30"]
[SourceVersion "1"]
[SourceVersionDate "2024.10.30"]
[SourceQuality "1"]
[WhiteTeam "Sremska Mitrovica Sirmium"]
[BlackTeam "St Benildus"]
[WhiteTeamCountry "SRB"]
[BlackTeamCountry "IRL"]

1. d4 e6 2. c4 f5 3. g3 Nf6 4. Bg2 Be7 5. Nf3 d6 6. 0-0 0-0 7. Nc3 Qe8 8. Re1 Ne4 9. Nxe4 fxe4 10. Ng5 d5 11. cxd5 exd5 12. Qb3 c6 13. Nxe4 Qf7 14. Bg5 Bxg5 15. Nxg5 Qxf2+ 16. Kh1 Qf5 17. h4 h6 18. Rf1 Qg6 19. Bxd5+ cxd5 20. Qxd5+ Be6 21. Qxe6+ Qxe6 22. Rxf8+ Kxf8 23. Nxe6+ 1-0

[Event "Gligoric Cup 10th"]
[Site "Paracin"]
[Date "2024.05.23"]
[Round "4.4"]
[White "Nestorovic, Filip"]
[Black "Cirkovic, Vuk"]
[Result "0-1"]
[WhiteElo "2027"]
[BlackElo "1843"]
[PlyCount "130"]
[EventDate "2024.05.21"]
[EventType "team-swiss"]
[EventRounds "5"]
[EventCountry "SRB"]
[SourceTitle "CBM 220 Extra"]
[Source "ChessBase"]
[SourceDate "2024.07.31"]
[SourceVersion "1"]
[SourceVersionDate "2024.07.31"]
[SourceQuality "1"]
[WhiteTeam "Sremska Mitrovica Sirmium"]
[BlackTeam "Nis Nais"]
[WhiteTeamCountry "SRB"]
[BlackTeamCountry "SRB"]

1. d4 Nf6 2. c4 g6 3. Nc3 Bg7 4. e4 d6 5. Nf3 0-0 6. Be2 e5 7. 0-0 Nc6 8. d5 Ne7 9. Ne1 Ne8 10. Be3 f5 11. f3 Nf6 12. Nd3 a5 13. c5 Ne8 14. Rc1 fxe4 15. fxe4 Rxf1+ 16. Qxf1 dxc5 17. Bxc5 b6 18. Bf2 Nd6 19. Bg3 Nf7 20. Nb5 c6 21. dxc6 Ba6 22. a4 Rc8 23. Bh4 g5 24. Bh5 gxh4 25. Qxf7+ Kh8 26. Rd1 Nxc6 27. Nc5 Qg5 28. Ne6 Qf6 29. Qxf6 Bxf6 30. Nd6 Rb8 31. Rc1 Nd4 32. Nxd4 exd4 33. e5 Be7 34. Rc7 Bf8 35. Ne4 Rc8 36. Rxc8 Bxc8 37. Nd6 Bd7 38. Nb5 Bg7 39. Be2 Bxe5 40. Bd3 Kg7 41. h3 Bc6 42. b3 Bd5 43. Bc4 Be4 44. Kf2 Kf6 45. Bf1 Kf5 46. Na3 Bd6 47. Nc4 Bb4 48. Nxb6 d3 49. Nc4 Kf4 50. Nb2 Bc5+ 51. Ke1 Ke3 52. Nc4+ Kd4 53. Kd1 Bg6 54. Nd2 Bf7 55. Nc4 Bb4 56. Nd2 Bxd2 57. Kxd2 Bg6 58. b4 axb4 59. a5 b3 60. a6 b2 61. a7 b1Q 62. a8Q Qb4+ 63. Kc1 Qc3+ 64. Kb1 d2+ 65. Ka2 Bb1+ 0-1

[Event "Gligoric Cup 10th"]
[Site "Paracin"]
[Date "2024.05.22"]
[Round "2.4"]
[White "Girgis, Lazar"]
[Black "Nestorovic, Filip"]
[Result "1-0"]
[WhiteElo "2024"]
[BlackElo "2027"]
[PlyCount "115"]
[EventDate "2024.05.21"]
[EventType "team-swiss"]
[EventRounds "5"]
[EventCountry "SRB"]
[SourceTitle "CBM 220 Extra"]
[Source "ChessBase"]
[SourceDate "2024.07.31"]
[SourceVersion "1"]
[SourceVersionDate "2024.07.31"]
[SourceQuality "1"]
[WhiteTeam "Jazak Uros"]
[BlackTeam "Sremska Mitrovica Sirmium"]
[WhiteTeamCountry "SRB"]
[BlackTeamCountry "SRB"]

1. d4 Nf6 2. c4 e6 3. Nc3 d5 4. Nf3 Be7 5. g3 0-0 6. Bg2 Nbd7 7. 0-0 c6 8. Qc2 b6 9. e4 dxe4 10. Nxe4 Bb7 11. Rd1 Nxe4 12. Qxe4 Nf6 13. Qe2 Qc8 14. Bf4 Rd8 15. Rac1 Bf8 16. c5 Nd5 17. a3 bxc5 18. dxc5 Nxf4 19. gxf4 Rxd1+ 20. Qxd1 Qc7 21. Qa4 a5 22. Ne5 Rc8 23. Qc4 Rd8 24. b4 axb4 25. axb4 g6 26. Qe4 Rd5 27. Qe3 Rd8 28. Rb1 Bg7 29. Nc4 Ba6 30. Nd6 Bb5 31. Qe4 Bh6 32. Ra1 Rxd6 33. cxd6 Qxd6 34. Ra8+ Kg7 35. Qe5+ Qxe5 36. fxe5 Bd2 37. Rb8 Bxb4 38. Bxc6 Bxc6 39. Rxb4 Bd5 40. Ra4 Bc6 41. Ra7 Be4 42. h4 h5 43. Kh2 Bf5 44. Kg3 Be4 45. Kf4 Bf5 46. Ke3 Bg4 47. f4 Bf5 48. Kd4 Bc2 49. Kc5 Bf5 50. Kd6 Be4 51. Ke7 Bc6 52. Rc7 Bb5 53. Rc8 Be2 54. Rf8 Bg4 55. Rxf7+ Kg8 56. Kf6 Bf5 57. Re7 Kf8 58. Rxe6 1-0